| 000 | 00476nam a2200169Ia 4500 | ||
|---|---|---|---|
| 001 | 2908 | ||
| 008 | 140314s9999 xx 000 0 und d | ||
| 020 | _a0074620029 | ||
| 040 | _cPK-LaUMT | ||
| 082 |
_a 658.409 _bAGA-C |
||
| 100 | _aAga, Rohinton D. | ||
| 245 |
_aChanging the mindest: _breflections of a chief executive _cAga, Rohinton D. |
||
| 260 |
_aNew Delhi,India: _bTata McGraw-Hill Publishing Company Limited, _c1994 |
||
| 300 | _a315 p. | ||
| 546 | _aEN | ||
| 942 | _cBK | ||
| 999 |
_c3159 _d3159 |
||